000 00433 a2200157 4500
020 _a1580536425
040 _aDLC
_bDLC
082 0 0 _a005.82
100 1 _aOppliger, Rolf.
245 1 0 _aContemporary cryptography
_cRolf Oppliger.
260 _aBoston :
_bArtech House,
_cc2005.
300 _axxv, 503 p. :
_bill. ;
_c24 cm.
440 0 _aArtech House computer security series
650 0 _aCryptography.
942 _cBK
_k005.82 OPP
_2ddc
999 _c9477
_d9477